| 000 | 00731nam a2200169Ia 4500 | ||
|---|---|---|---|
| 008 | 090711s9999 xx 000 0 und d | ||
| 082 | _b34591 | ||
| 100 | _aदीक्षित कमलाकर | ||
| 245 | _aमर्ढेकरांSो सौदर्यशास्त्र : पुनर्विSाार | ||
| 260 | _c1976 | ||
| 300 | _a116 | ||
| 600 | _aदीक्षित कमलाकर | ||
| 630 | _aमर्ढेकरांSो सौदर्यशास्त्र : पुनर्विSाार | ||
| 700 | _aदीक्षित कमलाकर | ||
| 730 | _aमर्ढेकरांSो सौदर्यशास्त्र : पुनर्विSाार | ||
| 942 | _cBOOK | ||
| 999 |
_c315465 _d315465 |
||